<?xml version="1.0" encoding="UTF-8"?>
<collection xmlns="http://www.loc.gov/MARC21/slim">
 <record>
  <leader>01716nam a2200229Ia 4500</leader>
  <controlfield tag="001">CTU_111002</controlfield>
  <controlfield tag="008">210402s9999    xx            000 0 und d</controlfield>
  <datafield tag="020" ind1=" " ind2=" ">
   <subfield code="c">250000</subfield>
  </datafield>
  <datafield tag="082" ind1=" " ind2=" ">
   <subfield code="a">324.2597075</subfield>
  </datafield>
  <datafield tag="082" ind1=" " ind2=" ">
   <subfield code="b">Ph506</subfield>
  </datafield>
  <datafield tag="100" ind1=" " ind2=" ">
   <subfield code="a">Nguyễn, Trọng Phúc</subfield>
  </datafield>
  <datafield tag="245" ind1=" " ind2="0">
   <subfield code="a">Lịch sử Đảng Cộng sản Việt Nam 1930 - 2006 :</subfield>
  </datafield>
  <datafield tag="245" ind1=" " ind2="0">
   <subfield code="b">(Đại hội I - Đại hội X)</subfield>
  </datafield>
  <datafield tag="245" ind1=" " ind2="0">
   <subfield code="c">Nguyễn Trọng Phúc (Chủ biên)</subfield>
  </datafield>
  <datafield tag="260" ind1=" " ind2=" ">
   <subfield code="a">Hà Nội</subfield>
  </datafield>
  <datafield tag="260" ind1=" " ind2=" ">
   <subfield code="b">Chính trị Quốc gia</subfield>
  </datafield>
  <datafield tag="260" ind1=" " ind2=" ">
   <subfield code="c">2006</subfield>
  </datafield>
  <datafield tag="520" ind1=" " ind2=" ">
   <subfield code="a">Sự lãnh đạo của Đảng trước hết thể hiện ở sự hoạch định Cương lĩnh, đường lối từ Hội nghị thành lập Đảng, các Đại hội đại biểu toàn quốc đến các Hội nghị Ban chấp hành Trung ương đảng các khóa. Cương lĩnh, đường lối đúng đắn của đảng là nhân tố quyết định thắng lợi của cách mạng. Tìm hiểu, nghiên cứu Lịch sử Đảng Cộng sản Việt Nam là mong muốn và cũng là yêu cầu bức thiết của cán bộ, đảng viên của Đảng và của mọi tầng lớp nhân dân. Điều đó đòi hỏi phải tìm hiểu có hệ thống quan điểm, đường lối của đảng qua các nhiệm kỳ Đại hội của đảng và các Hội nghị Ban chấp hành Trung ương Đảng qua các nhiệm kỳ Đại hội.</subfield>
  </datafield>
  <datafield tag="650" ind1=" " ind2=" ">
   <subfield code="a">Communist parties,Political parties</subfield>
  </datafield>
  <datafield tag="650" ind1=" " ind2=" ">
   <subfield code="z">Vietnam,Vietnam</subfield>
  </datafield>
  <datafield tag="904" ind1=" " ind2=" ">
   <subfield code="i">Giang</subfield>
  </datafield>
  <datafield tag="980" ind1=" " ind2=" ">
   <subfield code="a">Trung tâm Học liệu Trường Đại học Cần Thơ</subfield>
  </datafield>
 </record>
</collection>
